00871 a2200157 45000010006000000050017000060080041000230030015000640400040000790800099001192450024002182640043002423000019002855050387003041000022006912966620260407155607.0260407a1973 arg spa dAR-UNSa-BCEJYS aAR-UNSa-BCEJYSbspacAR-UNSa-BCEJYS a657.36xBalances de comprobación (balance estimativo). Balances de saldo. Balance intermedio10aFormulas de balance 1aBuenos Aires :bEdiciones Macchic1973 a130 p.c23 cm. a1. Forma y contenido de los estados contables prescriptos por la ley de sociedades comerciales Nº 19.550 - 2. Notas complementarias - 3. Correlación y aclaraciones - 4. Activo - 5. Pasivo - 6. Patrimonio Neto - 7. Forma y contenido de los estados contables para asociaciones con personeria Juridica y/o gremial - 8. Forma y contenido de los estados contables para obras sociales.1 aMarchese, Esteban